Verwaltungsverfahren und Verwaltungsverfahrensgesetz
Saved in:
| Main Authors: | , |
|---|---|
| Format: | Bog |
| Sprog: | tysk |
| Udgivet: |
Baden-Baden
Nomos
2002
|
| Serier: | Schriften zur Reform des Verwaltungsrechts, 9
|
| Fag: | |
| Tags: |
Tilføj Tag
Ingen Tags, Vær først til at tagge denne postø!
|
MARC
| LEADER | 00000nam a2200000 a 4500 | ||
|---|---|---|---|
| 001 | UCL4559 | ||
| 003 | CL-VaPUC | ||
| 008 | 040116e20020000GW |||||||||||||||||ger|d | ||
| 020 | |a 3789080403 | ||
| 082 | 0 | 4 | |a 342.066 |b HOF |2 21 |
| 100 | 0 | |a Hoffmann-Riem, Wolfgang |e author |9 482133 | |
| 700 | 0 | |a Schmidt-Assmann, Eberhard |e author |9 482134 | |
| 245 | 1 | 0 | |a Verwaltungsverfahren und Verwaltungsverfahrensgesetz |
| 300 | |a 491 p | ||
| 942 | |c BK | ||
| 945 | |d 20040116 00:00:00 |a cmena | ||
| 260 | |a Baden-Baden |b Nomos |c 2002 | ||
| 500 | |a Proyecto Fondo Fomento Actualización Docente | ||
| 650 | 0 | |a Derecho administrativo |9 254851 | |
| 650 | 0 | |a Procedimiento administrativo |9 256132 | |
| 583 | |a last modification |c 20190717 09:58:16 |k Rodrigo Vera | ||
| 490 | 0 | |a Schriften zur Reform des Verwaltungsrechts, 9 | |
| 999 | |c 307381 |d 307379 | ||
| 952 | |0 0 |1 0 |4 0 |6 342_066000000000000_HOF_2002 |7 0 |8 A |9 373312 |a BIBDER |b BIBDER |d 2019-11-21 |i 3981703 |o 342.066 HOF 2002 |p 3981703 |r 2023-01-25 |w 2019-11-21 |y BK |k DER | ||